000 00561nam a2200181Ia 4500
999 _c7617
_d7617
003 OSt
005 20200810132148.0
008 190216s9999||||xx |||||||||||||| ||und||
020 _a9780852269176
040 _coclc
082 _a658.072
_bSHE/O
100 1 _aShenoy, G. V.
_91177
245 0 _aOperations Research For Management /
_cG V Shenoy ; U K Srivastava ; S C Sharma
250 _a2nd Ed.
260 _bNew Age International Publishers,
_c2007.
_aNew Delhi:
300 _a398p
942 _cBK
_2ddc
_h658.072
_iSHE/O
_k658.072
_mSHE/O